Personnages Disney - Statistiques

Statistiques générales
  • Ce quiz a été pris 143 fois
  • Le résultat moyen est 8 sur 13
Statistiques - réponses
Hint Réponse % Correct
C’est une jeune femme courageuse qui se déguise pour protéger sa famille et son pays, prouvant que la force vient du cœur et de la détermination. Mulan
91%
C’est un bonhomme de neige joyeux et naïf, toujours optimiste, qui rêve de découvrir l’été et aime répandre la joie autour de lui. Olaf
88%
C’est un héros malin et courageux qui vole aux riches pour donner aux pauvres, utilisant son intelligence et son arc pour défendre la justice dans la forêt. Robin des bois
84%
C’est une jeune femme optimiste et déterminée, prête à tout pour sauver sa sœur et leur royaume, malgré les obstacles et les dangers qui se dressent sur son chemin. Anna
83%
C’est un petit rongeur passionné de cuisine, doté d’un flair exceptionnel pour les saveurs, qui rêve de devenir un grand chef malgré les préjugés liés à son apparence. Remy
81%
C’est une jeune fille au cœur généreux et à la voix magnifique, qui rêve de quitter sa vie actuelle pour découvrir le monde des humains et vivre de nouvelles aventures, même si cela signifie prendre de grands risques. Ariel
71%
C’est un jeune courageux et curieux, qui se perd loin de chez lui et doit apprendre à se débrouiller seul, tandis que son père part à sa recherche avec détermination. Nemo
67%
C’est un perroquet bavard et rusé, souvent sarcastique, qui accompagne un personnage maléfique tout en cherchant ses propres intérêts. Iago
50%
C’est un petit chaton curieux et innocent, qui quitte sa maison pour découvrir la vie dans la grande ville, où il trouve de nouveaux amis et apprend la valeur de l’amitié. Oliver
50%
C’est un jeune homme charmant et un peu voleur, qui découvre grâce à une rencontre inattendue qu’il peut être bien plus qu’un simple aventurier, et apprend à faire confiance et à s’ouvrir aux autres. Flynn Rider
40%
C’est une petite fille pleine d’imagination et de cœur, qui se lie d’amitié avec un être étrange et unique, apprenant à aimer et protéger sa nouvelle famille malgré les différences. Lilo
37%
C’est une conseillère machiavélique et excentrique, prête à tout pour prendre le pouvoir, souvent source de situations comiques par ses plans farfelus. Yzma
35%
C’est une créature grande et poilue, à la fois impressionnante et douce, qui protège son ami avec courage tout en cachant un cœur tendre. Sulli
24%
Aucun quiz correspondant
Distribution des résultats
% des personnes avec chaque résultat
Percentile par nombre de réponses
Votre historique - résultats
Vous n’avez pas pris ce quiz